000 00904cab a2200289 4500
001 ABS58853
008 090401t1998 xxu||||| |||| 00| 0 eng d
035 _a(Sirsi) u87194
041 _aeng
100 _aHall, B.
245 _aSubsidence insurance claims - their root cause
260 _c1998
350 _a0
490 _aCSM (Chartered Surveyor Monthly)
_v7(9) June 1998, 38-39(2)
520 _aThe first of two articles discusses the causes of subsidence in buildings, the signs that a surveyor or valuer should look for and, insurance cover.
650 _aBRE DIGEST 251
650 _aCRACKING
650 _aHOUSEHOLD INSURANCE
650 _aLANDSLIP
650 _aSOIL SHRINKAGE
650 _aSUBSIDENCE INSURANCE COVER
650 _aSUBSIDENCE
650 _aTREE ROOTS
690 _aBUILDING AND CONSTRUCTION-REPAIRS AND MAINTENANCE
942 _n0
948 _c03/07/1998
999 _c54977
_d54977